Chemistry and physics theory (Record no. 4619)
[ view plain ]
| 000 -LEADER | |
|---|---|
| fixed length control field | 00240nam a22000857a 4500 |
| 008 - FIXED-LENGTH DATA ELEMENTS--GENERAL INFORMATION | |
| fixed length control field | 161206b xxu||||| |||| 00| 0 eng d |
| 100 ## - MAIN ENTRY--PERSONAL NAME | |
| 9 (RLIN) | 1872 |
| Personal name | Aakash Institute |
| 245 ## - TITLE STATEMENT | |
| Title | Chemistry and physics theory |
| 260 ## - PUBLICATION, DISTRIBUTION, ETC. (IMPRINT) | |
| Place of publication, distribution, etc. | New delhi |
| Name of publisher, distributor, etc. | Aakash institute |
| Date of publication, distribution, etc. | 2005 |
No items available.